000 01156cam a2200133 4500500
005 20251214002555.0
041 _afre
042 _adc
100 1 0 _aBuffard-Moret, Brigitte
_eauthor
245 0 0 _aLe langage de la littérature : Introduction à la stylistique
260 _bArmand Colin,
_c2020.
520 _aL’analyse stylistique fait partie intégrante de l’explication littéraire : l’interprétation d’un texte passe par une observation rigoureuse des procédés langagiers. C’est pourquoi la stylistique figure parmi les épreuves de plusieurs concours d’enseignement des lettres. Pour réussir une analyse stylistique, à quels éléments textuels doit-on être attentif ? Comment passer de l’observation formelle à l’interprétation sémantique ? C’est à ces questions, entre autres, que répond cet ouvrage en présentant un exposé des notions fondamentales pour l’analyse stylistique, illustrées par des exemples littéraires variés, toujours accompagnés d’un commentaire interprétatif.
856 4 1 _uhttps://shs.cairn.info/le-langage-de-la-litterature--9782200627058?lang=fr&redirect-ssocas=7080
999 _c1567143
_d1567143